Every Member of the Justice League - Statistics

General Stats
  • This quiz has been taken 147 times
  • The average score is 49 of 132
Answer Stats
Hint Answer % Correct
Bruce Wayne Batman
100%
Clark Kent Superman
100%
Barry Allen The Flash II
98%
Wally West The Flash III
98%
Diana Prince Wonder Woman
97%
Oliver Queen Green Arrow
96%
Connor Hawke Green Arrow II
96%
Alan Scott Green Lantern I
96%
Hal Jordan Green Lantern II
96%
John Stewart Green Lantern III
96%
Guy Gardner Green Lantern IV
96%
Kyle Rayner Green Lantern V
96%
Hippolyta Wonder Woman II
96%
Arthur Curry Aquaman
92%
John Jones Martian Manhunter
91%
Zatanna Zatarra Zatanna
88%
Carter Hall Hawkman
87%
Fel Andar Hawkman II
87%
Ray Palmer The Atom
87%
Billy Batson Shazam!
85%
Dinah Laurel Lance Black Canary
83%
Shiera Hall Hawkgirl
83%
Kendra Saunders Hawkgirl II
83%
Victor Stone Cyborg
79%
Dick Grayson Nightwing
79%
Ted Kord Blue Beetle
77%
Jaime Reyes Blue Beetle II
77%
Kent Nelson Doctor Fate
73%
Linda Strauss Doctor Fate II
73%
Beatriz da Costa Fire
68%
Kory Anders Starfire
63%
Rachel Roth Raven
61%
John Smith Red Tornado
60%
Ronnie Raymond/Martin Stein Firestorm
59%
Jason Rusch Firestorm II
59%
Michael Carter Booster Gold
56%
Patrick O'Brien Plastic Man
56%
Roy Harper Red Arrow
56%
Linda Lang Supergirl
56%
Barbara Gordon Oracle
54%
Hank Heywood III Steel
54%
John Henry Irons Steel II
54%
Ralph Dibny Elongated Man
53%
Helena Bertinelli Huntress
52%
Teth-Adam Black Adam
50%
Nathaniel Adam Captain Atom
49%
Orion Orion
48%
Rex Mason Metamorpho
47%
Tora Olafsdotter Ice
44%
Barda Free Big Barda
38%
Paco Ramone Vibe
38%
Mari McCabe Vixen
38%
Jason Blood Etrigan
37%
Unknown (Ph_____ S______) Phantom Stranger
36%
Courtney Whitmore Stargirl
36%
Jefferson Pearce Black Lightning
35%
Karen Starr Power Girl
32%
Kimiyo Hoshi Doctor Light
31%
Jay Garrick The Flash I
31%
Boston Brand Deadman
30%
Scott Free Mister Miracle
30%
Michael Holt Mister Terrific
30%
Zan & Jayna Wonder Twins
28%
Sharon Parker Hawkwoman
26%
Maxima Maxima
26%
Jim Harper Guardian
24%
Buddy Baker Animal Man
23%
Brion Markov Geo-Force
21%
Cindy Reynolds Gypsy
21%
Matthew Tyler Hourman
20%
Ray Terrill Ray
19%
Jesse Chambers Jesse Quick
17%
William Tockman Clock King
16%
Rory Regan Ragman
16%
Daniel Cassidy Blue Devil
15%
Pieter Cross Doctor Mid-Nite
15%
Solis Lightray
15%
Mikaal Tomas Starman
15%
Jennie-Lynn Hayden Jade
14%
Todd Rice Obsidian
14%
Gnort Esplanade G'neeshmacher G'nort
13%
Vivian and Constance d'Aramis Crimson Fox
12%
Irwin Schwab Ambush Bug
11%
Unknown (Do___ T___) Donna Troy
11%
Curt Falconer Aztek
10%
Paul Booker Major Disaster
10%
Lar Gand Mon-El
10%
Hugh Dawkins Tasmanian Devil
10%
Benjamin Lockwood Agent Liberty
9%
Will Everett III Amazing Man
9%
Jay Abrams Blue Jay
9%
Nathan Heywood Citizen Steel
9%
Unknown (Fa___) Faith
9%
Joseph Jones General Glory
9%
Sigrid Nansen Icemaiden
9%
Laura Neilson Silver Sorceress
9%
Vera Black Sister Superior
9%
Ryan Kendall Black Condor
8%
Unknown (Bl______) Bloodwynd
8%
Alix Harrower Bulleteer
8%
Arthur Brown Cluemaster
8%
Jon Standing Bear Super-Chief
8%
William MacIntyre Triumph
8%
Unknown (Za_____) Zauriel
8%
Dufus P. Ratchett Big Sir
7%
Nathan Jones Coldcast
7%
William Glenmorgan Congorilla
7%
Walter West Dark Flash
7%
Chandi Gupta Maya
7%
Laura Klein Moon Maiden
7%
Jennifer Barclay Mystek
7%
Eve Eden Nightshade
7%
Mark Antaeus Antaeus
6%
L-Ron Despero
6%
Lorraine Reilly Firehawk
6%
Cassandra Cain Kasumi
6%
Unknown (Ma_____ Ra___) Manitou Raven
6%
Sonja Menagerie
6%
Albert Rothstein Nuklon
6%
Clara Kendall Tomorrow Woman
6%
Susan Linden Black Orchid
5%
Unknown (Ma_____ Da__) Manitou Dawn
5%
Duncan Pramble Multi-Man
5%
Dren Keeg Scarlet Skier
5%
Henry King Jr Brainwave
4%
Jill Carlyle Crimson Avenger
4%
Jose Delgado Gangbuster
4%
Unknown (Na__ __ Sh____) Naif Al Sheikh
3%
Dimitri Pushkin | Vladimir Mikoyan Red Rocket 7
3%
Sandy Hawkins Sandmaster
3%
Celia Forrestal Skyrocket
3%
No matching quizzes found
Score Distribution
Percent of People with Each Score
Percentile by Number Answered
Your Score History
You have not taken this quiz